000 00835nam a2200253 a 4500
003 MX-MxUPN
005 20250322063756.0
008 991125s1907 xxua fr 000 0 eng d
035 _aUPN01000052817
040 _aMX-MxUPN
_bspa
_cMX-MxUPN
041 _aeng
050 4 _aLC191
_bD4.8
100 1 _aDewey, John,
_d1859-1952
_928071
245 1 4 _aThe school and society :
_bbeing three lectures
246 1 4 _aThe school and society
260 _aChicago :
_bThe University of Chicago Press ;
_aNew York :
_bMc.Clure Phillips & Company,
_c1907.
300 _a129 páginas :
_bláminas, ilustraciones
500 _a"Supplemented by A. statement of the University Elementary School"
650 4 _aEducación y sociedad
_96876
902 _bMaríaRobles/260824
904 _aAC
_b052819
905 _aLibro
942 _2lcc
_cLIBRO
_n0
999 _c52817
_d52817